Geography General Knowledge #222 - Statistics

General Stats
  • This quiz has been taken 439 times
  • The average score is 5 of 15
Answer Stats
Question Answer % Correct
Which country has the largest military? China
76%
What other country does Denmark rule? Greenland
75%
What is the small country located between France and Spain? Andorra
66%
How many volcanoes are there on Hawai'i? 5
64%
What is the most hostile part of Russia? Siberia
46%
How many countries are in Europe? 47
43%
What sea between Kazakhstan and Uzbeckistan dried out? Aral Sea
31%
What animal can't jump gas pipelines in North Canada? Caribou
20%
What is the province in southern Ireland that has mountains formed as an after effect of the formation of the Atlas mountains? Munster
8%
What is the principality of England off the coast of Suffolk, in the North Sea? Sealand
7%
What dam was build on this sea? Kok Aral Dam
3%
What country sounds like a band name? St Vincent and the Grenadines
3%
What is the sea was dried out due to plate tectonics? Tethys
3%
What is the fault located at Red Rock Canyon, Nevada, USA Keystone Thrust
2%
What is the new island being formed on the hotspot by Hawaii? Lohi
2%
No matching quizzes found
Score Distribution
Percent of People with Each Score
Percentile by Number Answered
Your Score History
You have not taken this quiz